000 00343nam a2200133Ia 4500
008 230524s9999 xx 000 0 und d
020 _a8184081987
100 _aChandrgupt
_936623
245 0 _aTales of Akbar- Birbal
260 _bCross Lnnd Books
500 _aQuantity Number: 1
650 _aPersonality Development
_936624
942 _cBK
999 _c50670
_d50670